<?xml version="1.0" encoding="UTF-8"?>
<collection xmlns="http://www.loc.gov/MARC21/slim">
 <record>
  <leader>02449nam a2200325 a 4500</leader>
  <controlfield tag="001">TVCDKTCT4120</controlfield>
  <controlfield tag="003">Thư viện trường Cao đẳng Kỹ thuật Cao Thắng</controlfield>
  <controlfield tag="005">20221017131346.000</controlfield>
  <controlfield tag="008">051117</controlfield>
  <datafield tag="980" ind1="\" ind2="\">
   <subfield code="a">Thư viện Trường CĐ Kỹ Thuật Cao Thắng</subfield>
  </datafield>
  <datafield tag="024" ind1=" " ind2=" ">
   <subfield code="a">RG_1 #1 eb0 i1</subfield>
  </datafield>
  <datafield tag="041" ind1="0" ind2="#">
   <subfield code="a">vie</subfield>
  </datafield>
  <datafield tag="082" ind1="#" ind2="#">
   <subfield code="a">621.815 / </subfield>
   <subfield code="b">NG527H-t</subfield>
  </datafield>
  <datafield tag="100" ind1="1" ind2="#">
   <subfield code="a">Nguyễn Trọng Hiệp</subfield>
  </datafield>
  <datafield tag="245" ind1="0" ind2="0">
   <subfield code="a">Thiết kế chi tiết máy / </subfield>
   <subfield code="c">Nguyễn Trọng Hiệp, Nguyễn Văn Lẫm</subfield>
  </datafield>
  <datafield tag="250" ind1="#" ind2="#">
   <subfield code="a">Tái bản lần thứ 7</subfield>
  </datafield>
  <datafield tag="260" ind1="#" ind2="#">
   <subfield code="a">H. : </subfield>
   <subfield code="b">Giáo dục , </subfield>
   <subfield code="c">2004</subfield>
  </datafield>
  <datafield tag="300" ind1="#" ind2="#">
   <subfield code="a">379tr. ; </subfield>
   <subfield code="c">27 cm</subfield>
  </datafield>
  <datafield tag="520" ind1="#" ind2="#">
   <subfield code="a">Tài liệu trình bày các vấn đề cơ bản nhất về thiết kế các chi tiết và bộ phận máy, các chi tiết và bộ phận máy, cácht ính toán động học những hệ thống dẫn động bằng cơ khí, phương pháp thiết kế các bộ truyền và xác định kết cấu các chi tiết và bộ phận máy.</subfield>
  </datafield>
  <datafield tag="520" ind1="#" ind2="#">
   <subfield code="a">Trong mỗi chương đều có nêu lên những nguyên tắc chọn các thông số chủ yếu của những chi tiết máy có công dụng chung, cách tính toán cụ thể và các thí dụ để minh họa. Chương cuối có trình bày một thí dụ tổng hợp về thiết kế một hệ thống dẫn động băng tải từ động cơ đến bộ phận công tác. Để thuận tiện cho bạn đọc khi sử dụng, chúng tôi giới thiệu một số bảng số liệu cần thiết nhất, có chọn lọc, trong từng chương và phần phục lục. Các công thức và số liệu soạn theo hệ đơn vị đo lường hợp pháp.</subfield>
  </datafield>
  <datafield tag="650" ind1="#" ind2="4">
   <subfield code="a">Thiết kế chi tiết máy</subfield>
  </datafield>
  <datafield tag="653" ind1="#" ind2="#">
   <subfield code="a">Principles and Elements of Machine</subfield>
  </datafield>
  <datafield tag="653" ind1="#" ind2="4">
   <subfield code="a">Mechanical Engineering Technology</subfield>
  </datafield>
  <datafield tag="700" ind1="0" ind2="#">
   <subfield code="a">Nguyễn Văn Lẫm</subfield>
  </datafield>
  <datafield tag="721" ind1="#" ind2="#">
   <subfield code="a">03. CNKT Cơ khí</subfield>
  </datafield>
  <datafield tag="721" ind1="#" ind2="#">
   <subfield code="a">04. CNKT Ô tô</subfield>
  </datafield>
  <datafield tag="721" ind1="#" ind2="#">
   <subfield code="a">06. CNKT Nhiệt lạnh</subfield>
  </datafield>
  <datafield tag="721" ind1="#" ind2="#">
   <subfield code="a">07. CNKT Cơ điện tử</subfield>
  </datafield>
  <datafield tag="721" ind1="#" ind2="#">
   <subfield code="a">08. CNKT Điều khiển và Tự động hóa</subfield>
  </datafield>
  <datafield tag="841" ind1="#" ind2="#">
   <subfield code="b">Kho Sách </subfield>
   <subfield code="j">100012027, 100012254, 100012571, 100013063, 100013064, 100013069, 100013115, 100013123</subfield>
  </datafield>
 </record>
</collection>
